Errate die vermischten Europa Flaggen - Statistiken

Allgemein
  • Dieses Quiz wurde 821 mal gespielt
    788 seit der letzten Aktualisierung
  • Das Durchschnittsergebnis liegt bei 11 aus 13
Antwortstatistiken
Bildquiz Antwort % Korrekt
Albanien Irland
92%
Malta Österreich
92%
Spanien Slowakei
92%
Nordmazedonien Kroatien
90%
Schweiz Lettland
89%
Tschechien Slowenien
85%
Belarus Ungarn
84%
Monaco Zypern
83%
San Marino Portugal
81%
Bosnien Ukraine
77%
Andorra Schweden
73%
Liechtenstein Island
70%
Finnland Griechenland
61%
Keine übereinstimmenden Quizze gefunden
Verteilung der Resultate
Anzahl Personen mit jedem Resultat
Perzentil nach korrekt beantworteten Fragen
Ihre Resultats-Entwicklung
Sie haben dieses Quiz seit der letzten Aktualisierung nicht gespielt